| 000 | 00379nam a2200145Ia 4500 | ||
|---|---|---|---|
| 008 | 230917s9999||||xx |||||||||||||| ||und|| | ||
| 040 |
_e212771 _aMAIN |
||
| 041 | _aEnglish | ||
| 082 | _a332.4954 M726M | ||
| 100 | _aMohan, Rakesh | ||
| 245 | 0 | _aMonetary policy in a globalized economy | |
| 260 |
_aNew Delhi _bOxford University Press _c2011 |
||
| 300 | _a328 p. | ||
| 942 | _cBK | ||
| 999 |
_c165280 _d165280 |
||